Faculty of Law Library — Cairo University

Official Online Catalog

Rule of power or rule of law? : (Record no. 61181)

MARC details
000 -LEADER
fixed length control field 01132nam a2200301 i 4500
003 - CONTROL NUMBER IDENTIFIER
control field EG-GICUC
005 - DATE AND TIME OF LATEST TRANSACTION
control field 20260205094646.0
008 - FIXED-LENGTH DATA ELEMENTS--GENERAL INFORMATION
fixed length control field 260205b2002 nyu||||fr|||| 00| 0 eng d
040 ## - CATALOGING SOURCE
Original cataloging agency EG-GiCUC
Language of cataloging eng
Transcribing agency EG-GiCUC
Modifying agency EG-GiCUC
Description conventions rda
082 04 - DEWEY DECIMAL CLASSIFICATION NUMBER
Edition number 21
Classification number 341
092 04 - LOCALLY ASSIGNED DEWEY CALL NUMBER (OCLC)
Edition number 21
099 ## - LOCAL FREE-TEXT CALL NUMBER (OCLC)
Classification number Law 11 2002
245 00 - TITLE STATEMENT
Title Rule of power or rule of law? :
Remainder of title An assessment of U.S. policies and actions regarding security-related treaties /
Statement of responsibility, etc. editors: Nicole Deller, Arjun Makhijani, and John Burroughs.
264 ## - PRODUCTION, PUBLICATION, DISTRIBUTION, MANUFACTURE, AND COPYRIGHT NOTICE
Place of production, publication, distribution, manufacture Takoma Park ;
Name of producer, publisher, distributor, manufacturer Institute for energy and environmental research ;
Place of production, publication, distribution, manufacture New York :
Name of producer, publisher, distributor, manufacturer Lawyers' Committee on Nuclear Policy,
Date of production, publication, distribution, manufacture, or copyright notice 2002.
300 ## - PHYSICAL DESCRIPTION
Extent 193 pages ;
Dimensions 24 cm
336 ## - CONTENT TYPE
Source rda content
Content type term text
337 ## - MEDIA TYPE
Source rda media
Media type term Computer
338 ## - CARRIER TYPE
Source rda carrier
Carrier type term Online Resource
650 10 - SUBJECT ADDED ENTRY--TOPICAL TERM
Topical term or geographic name entry element Nuclear arms control.
650 10 - SUBJECT ADDED ENTRY--TOPICAL TERM
Topical term or geographic name entry element Security, international.
650 10 - SUBJECT ADDED ENTRY--TOPICAL TERM
Topical term or geographic name entry element International law.
700 1# - ADDED ENTRY--PERSONAL NAME
Personal name Deller, Nicole,
Relator term editor.
700 1# - ADDED ENTRY--PERSONAL NAME
Personal name Makhijan, Arjun ,
Relator term editor.
700 1# - ADDED ENTRY--PERSONAL NAME
Personal name Burroughs, John,
Relator term editor.
856 40 - ELECTRONIC LOCATION AND ACCESS
Uniform Resource Identifier <a href="https://fll.law.cu.edu.eg/fulltext/bks/ENGB11-00122.pdf">https://fll.law.cu.edu.eg/fulltext/bks/ENGB11-00122.pdf</a>
905 ## - Cataloger and Reviser Names
Cataloger Name: Hend El khosy
942 ## - ADDED ENTRY ELEMENTS (KOHA)
Source of classification or shelving scheme Dewey Decimal Classification
Koha item type Books
Edition 21
Suppress in OPAC No
Holdings
Withdrawn status Lost status Source of classification or shelving scheme Damaged status Not for loan Collection Home library Current library Date acquired Total checkouts Full call number Barcode Date last seen Copy number Price effective from Koha item type Public note
    Dewey Decimal Classification     القانون الدولي العام جــــامعة القــاهرة مكتبة كلية الحقوق - فـرع الشيخ زايد 05.02.2026   Law2 11 341 RU 2002 1100122 C1 ENGB11-00122 05.02.2026 1 05.02.2026 Books 2054

© All rights reserved — Faculty of Law, Cairo University